header

Organizing innovation (Record no. 181226)

MARC details
000 -LEADER
fixed length control field 01453nam a2200349Ia 4500
082 04 - DEWEY DECIMAL CLASSIFICATION NUMBER
Classification number 352.3
245 00 - TITLE STATEMENT
Title Organizing innovation
260 ## - PUBLICATION, DISTRIBUTION, ETC. (IMPRINT)
Place of publication Amsterdam ;
-- Washington, DC :
Name of publisher IOS Press,
Year of publication c2005.
300 ## - PHYSICAL DESCRIPTION
Number of Pages x, 239 p.
490 1# - SERIES STATEMENT
Series statement Innovation and the public sector ;
650 #0 - SUBJECT ADDED ENTRY--TOPICAL TERM
Topical Term Administrative agencies.
Topical Term Organizational change.
Topical Term Public administration
Topical Term Social change.
700 1# - ADDED ENTRY--PERSONAL NAME
Personal name Veenswijk, Marcel,
856 40 - ELECTRONIC LOCATION AND ACCESS
Uniform Resource Identifier http://site.ebrary.com/lib/rucke/Doc?id=10130664

No items available.

© 2026 Rongo University
Contact us: librarian | system librarian | Rongo university